Southville International School and Colleges
Your cart is empty.
  • Cart
  • Lists
    Public lists Eva Luna New books Lux_list list_1
    Your lists Log in to create your own lists
  • Log in to your account
  • Your cookies
  • Search history
Southville International School and Colleges
  • Advanced search
  • Recent comments
  • Most popular
  • Libraries

Log in to your account

Log in with GOOGLE


If you do not have an external account, but do have a local account, you can still log in:

  1. Home
  2. MARC view: A survey on the product acceptability of brand X milk /
Normal view MARC view ISBD view

A survey on the product acceptability of brand X milk / (Record no. 97386)

[ view plain ]
MARC details
000 -LEADER
fixed length control field 00746nam a2200205 a 4500
003 - CONTROL NUMBER IDENTIFIER
control field 0
005 - DATE AND TIME OF LATEST TRANSACTION
control field 20250404085514.0
008 - FIXED-LENGTH DATA ELEMENTS--GENERAL INFORMATION
fixed length control field 050809s19uu xx 00 eng d
050 ## - LIBRARY OF CONGRESS CALL NUMBER
Classification number PGS TX 553.M55.S87
Item number .L473 2005
100 ## - MAIN ENTRY--PERSONAL NAME
Personal name Ledesma, Ma. Catherine Nicole C.
245 ## - TITLE STATEMENT
Title A survey on the product acceptability of brand X milk /
Statement of responsibility, etc Ma. Catherine Nicole C. Ledesma.
260 ## - PUBLICATION, DISTRIBUTION, ETC. (IMPRINT)
Place of publication, distribution, etc Las Piñas City, Philippines :
Name of publisher, distributor, etc Southville International School and Colleges,
Date of publication, distribution, etc 2005.
300 ## - PHYSICAL DESCRIPTION
Extent 30 pages :
Other physical details illustrations ;
Dimensions 28 cm.
504 ## - BIBLIOGRAPHY, ETC. NOTE
Bibliography, etc Includes bibliographic references.
650 ## - SUBJECT ADDED ENTRY--TOPICAL TERM
Topical term or geographic name as entry element Chocolate milk
Form subdivision Evaluation.
650 ## - SUBJECT ADDED ENTRY--TOPICAL TERM
Topical term or geographic name as entry element Milk
Form subdivision Flavor.
650 ## - SUBJECT ADDED ENTRY--TOPICAL TERM
Topical term or geographic name as entry element Consumer behavior.
650 ## - SUBJECT ADDED ENTRY--TOPICAL TERM
Topical term or geographic name as entry element Product acceptability.
942 ## - ADDED ENTRY ELEMENTS (KOHA)
Source of classification or shelving scheme Library of Congress Classification
Koha item type PASS
Holdings
Withdrawn status Lost status Source of classification or shelving scheme Damaged status Home library Current library Shelving location Date acquired Source of acquisition Total Checkouts Full call number Barcode Date last seen Price effective from Koha item type
    Library of Congress Classification   Luxembourg Library Luxembourg Library Portfolio Assessment of SISC Students Section 08/09/2005 Donation   PGS TX 553.M55.S87 .L473 2005 P1421 04/08/2014 04/08/2014 PASS

A survey on the product acceptability of brand X milk /

APA

Ledesma M. C. N. C., . (2005). A survey on the product acceptability of brand X milk. Las Piñas City, Philippines: Southville International School and Colleges.

Chicago

Ledesma Ma Catherine Nicole C, . 2005. A survey on the product acceptability of brand X milk. Las Piñas City, Philippines: Southville International School and Colleges.

Harvard

Ledesma M. C. N. C., . (2005). A survey on the product acceptability of brand X milk. Las Piñas City, Philippines: Southville International School and Colleges.

MLA

Ledesma Ma Catherine Nicole C, . A survey on the product acceptability of brand X milk. Las Piñas City, Philippines: Southville International School and Colleges. 2005.

  • Print
  • Cite
  • Add to your cart (remove)
  • Save record
    BIBTEX Dublin Core MARCXML MARC (non-Unicode/MARC-8) MARC (Unicode/UTF-8) MARC (Unicode/UTF-8, Standard) MODS (XML) RIS
  • More searches
    Search for this title in:
    Other Libraries (WorldCat) Other Databases (Google Scholar) Online Stores (Bookfinder.com) Open Library (openlibrary.org)

Exporting to Dublin Core...

SOUTHVILLE LIBRARY

Southville International School and Colleges Library

1281 Tropical Ave. Cor. Luxembourg St., BF Homes International, Las Pinas City

Tel. No. 8256374 / 252358 Loc. 117/146

Powered by Koha